[Event "7th Tal Mem Blitz"]
[Site "Moscow RUS"]
[Date "2012.06.07"]
[Round "7"]
[White "Nakamura,Hi"]
[Black "Kramnik,V"]
[Result "1-0"]
[WhiteElo "2775"]
[BlackElo "2801"]

1.d4 Nf6 2.Bg5 e6 3.Nd2 Be7 4.e4 h6 5.Bxf6 Bxf6 6.c3 d6 7.f4 e5 8.Ngf3 Nc6
9.Bb5 O-O 10.Bxc6 bxc6 11.dxe5 dxe5 12.fxe5 Bh4+ 13.g3 Bg5 14.Nb3 Qe7 15.Qd4 Bg4
16.Nxg5 Qxg5 17.O-O Rfe8 18.Rf4 Bh3 19.Na5 Rad8 20.Qf2 Re6 21.Nb3 Qxe5 22.Nd4 Red6
23.Re1 Be6 24.b4 Bc4 25.Rf5 Qe8 26.a3 a6 27.Rc5 Rf6 28.Rf5 Rxf5 29.exf5 Qd7
30.Qe3 Qd5 31.Qe5 Rd6 32.Qxd5 cxd5 33.Re8+ Kh7 34.Re7 Rf6 35.Rxc7 Bd3 36.g4 g6
37.Rc6 Rxc6 38.Nxc6 gxf5 39.gxf5 Bxf5 40.a4 Bc2 41.a5 Ba4 42.Nd4 Bd7 43.Kf2 Kg6
44.Kg3 f6 45.Kf4 Kf7 46.h4 h5 47.b5 Bc8 48.b6 Ke7 49.Nf5+ Kd7 50.Ng7 Kc6
51.Nxh5 Kb5 52.Nxf6 Kxa5 53.h5  1-0

[Event "7th Tal Mem Blitz"]
[Site "Moscow RUS"]
[Date "2012.06.07"]
[Round "8"]
[White "Radjabov,T"]
[Black "Nakamura,Hi"]
[Result "1-0"]
[WhiteElo "2784"]
[BlackElo "2775"]

1.d4 f5 2.c4 Nf6 3.Nc3 d6 4.Nf3 g6 5.Qc2 Bg7 6.Bg5 Nbd7 7.h4 O-O 8.e3 Qe8
9.Nb5 Qd8 10.O-O-O c6 11.Nc3 Qe8 12.c5 d5 13.Bf4 b6 14.cxb6 axb6 15.Ne5 Bb7
16.Be2 Ne4 17.Nxe4 fxe4 18.a3 Nxe5 19.dxe5 h6 20.f3 c5 21.fxe4 dxe4 22.Bc4+ Kh8
23.Be6 Bc6 24.Kb1 Qb8 25.Bd5 Bxd5 26.Rxd5 Qb7 27.Rhd1 Qc6 28.Rd7 Rfe8 29.Qc4  1-0

[Event "7th Tal Mem Blitz"]
[Site "Moscow RUS"]
[Date "2012.06.07"]
[Round "9"]
[White "Nakamura,Hi"]
[Black "McShane,L"]
[Result "1-0"]
[WhiteElo "2775"]
[BlackElo "2706"]

1.d4 Nf6 2.c4 g6 3.Nc3 d5 4.Qb3 dxc4 5.Qxc4 Bg7 6.e4 O-O 7.Nf3 Nc6 8.Be3 Bg4
9.Rd1 Bxf3 10.gxf3 e6 11.Qb3 Nh5 12.d5 Ne5 13.Be2 Qf6 14.dxe6 fxe6 15.Kd2 Nf4
16.Kc2 Nxe2 17.Nxe2 Nxf3 18.Rd7 Rad8 19.Rhd1 Rxd7 20.Rxd7 Ne5 21.Bd4 c5 22.Bc3 Qf3
23.Bxe5  1-0

[Event "7th Mikhail Tal Memorial"]
[Site "Moscow RUS"]
[Date "2012.06.08"]
[Round "1"]
[White "Aronian,L"]
[Black "Nakamura,Hi"]
[Result "1-0"]
[WhiteElo "2825"]
[BlackElo "2775"]

1.c4 e5 2.Nc3 Nf6 3.Nf3 Nc6 4.g3 d5 5.cxd5 Nxd5 6.Bg2 Nb6 7.O-O Be7 8.d3 O-O
9.Be3 f5 10.Rc1 Kh8 11.a3 Bf6 12.Bc5 Re8 13.b4 Be6 14.Re1 Qd7 15.e4 a6 16.Bh3 g6
17.Be3 Qg7 18.Ng5 Bg8 19.Nf3 f4 20.Bxb6 cxb6 21.Nd5 g5 22.Bd7 Re6 23.Bxe6 Bxe6
24.Nxf6 Qxf6 25.Rxc6 bxc6 26.Qa1 a5 27.Qxe5 Qxe5 28.Nxe5 axb4 29.axb4 c5
30.bxc5 bxc5 31.gxf4 gxf4 32.Kg2 Ra3 33.Kf3 c4 34.Kxf4 cxd3 35.Rd1 Ra2 36.Nxd3 Bc4
37.f3 Rxh2 38.Ne5 Ba2 39.Rd7 Rh6 40.Nf7+ Bxf7 41.Rxf7 Kg8 42.Rf5 Rh1 43.e5 h5
44.Rg5+ Kf8 45.Kf5 h4 46.Rh5 Kg7 47.f4 h3 48.Ke6 Kg6 49.Rg5+ Kh6 50.Kf5 Rh2
51.Rg8 Rh1 52.e6 h2 53.Rg2  1-0

[Event "7th Mikhail Tal Memorial"]
[Site "Moscow RUS"]
[Date "2012.06.09"]
[Round "2"]
[White "Caruana,F"]
[Black "Nakamura,Hi"]
[Result "1/2-1/2"]
[WhiteElo "2770"]
[BlackElo "2775"]

1.d4 d5 2.c4 dxc4 3.Nf3 a6 4.a4 Nf6 5.e3 e6 6.Bxc4 b6 7.O-O Bb7 8.Qe2 Nbd7
9.Rd1 Bb4 10.Bd2 Bd6 11.Nc3 c5 12.e4 cxd4 13.Nxd4 Qb8 14.g3 O-O 15.f3 Ne5
16.Bb3 Bc5 17.Be3 Qc7 18.Rd2 h6 19.Rad1 Rad8 20.Bf2 g5 21.h3 Ng6 22.Bc4 Ne5
23.Kg2 Qc8 24.Bb3 Kh8 25.Nc2 Rxd2 26.Qxd2 Bxf2 27.Kxf2 Qc5+ 28.Qd4 Rb8 29.Ne3 Kg7
30.Nc4 Qxd4+ 31.Rxd4 Nc6 32.Rd2 Ba8 33.Nd6 Kf8 34.Bc4 Nb4 35.Na2 Nxa2 36.Bxa2 Rd8
37.e5 Nd7 38.f4 gxf4 39.gxf4 a5 40.Rd4 Ke7 41.Bb1 f6 42.Nc4 Bd5 43.exf6+ Nxf6
44.Bd3 Nd7 45.Be2 Rf8 46.Bf3 Bxc4 47.Rxc4 Nc5 48.Ke3 Rd8 49.b4 axb4 50.Rxb4 Rd3+
51.Ke2 Ra3 52.Rxb6 Rxa4 53.f5 Ra2+ 54.Ke3 Ra3+ 55.Ke2 exf5 56.Rxh6 Ne6 57.Rh4 Kd6
58.Kf2 Ke5 59.Rc4 Nd4 60.Bg2 Ra2+ 61.Kf1 Rd2 62.Rc3 Kf4 63.Ra3 Kg5 64.Rg3+ Kh4
65.Rg8 Nc2 66.Kg1 Ne1 67.Rg7 Rb2 68.Rg8 Nd3 69.Rg7 Nf4 70.Rg8 Ne6 71.Kh2 Kh5
72.Kg1 Kh6 73.Rg3 Nf4 74.Bf3 Rb3 75.Kh2 Rb2+ 76.Kg1 Ra2 77.Kh1 Ng6 78.Bd5 Rd2
79.Bb7 Kg7 80.Rg2 Rd3 81.Kh2 Kf6 82.Rf2 Nh4 83.Be4 Re3 84.Bg2 Ke5 85.Bb7 Kf6
86.Bg2 Rc3 87.Bb7 Kg5 88.Bg2 f4 89.Bb7 Nf5 90.Be4 Ne3 91.h4+ Kf6 92.Bf3 Kf5
93.h5 Ra3 94.Rb2 Nc4 95.Rb5+ Ne5 96.Kg2 Kf6 97.Rb6+ Kg5 98.Rb5 Re3 99.Bd1 Rg3+
100.Kf1 Re3 101.Ra5 f3 102.Kf2 Kf4 103.Ra4+ Re4 104.Rxe4+ Kxe4 105.Bxf3+ Nxf3
106.h6 Ng5 107.h7 Nxh7  1/2-1/2

[Event "7th Mikhail Tal Memorial"]
[Site "Moscow RUS"]
[Date "2012.06.10"]
[Round "3"]
[White "Nakamura,Hi"]
[Black "Tomashevsky,E"]
[Result "1/2-1/2"]
[WhiteElo "2775"]
[BlackElo "2738"]

1.e4 e5 2.f4 d5 3.exd5 exf4 4.Nf3 Nf6 5.Be2 Nxd5 6.c4 Nf6 7.d4 Bd6 8.c5 Be7
9.Nc3 Be6 10.Bxf4 Nd5 11.Bg3 O-O 12.Qd2 Nd7 13.O-O c6 14.Ne4 N7f6 15.Bd3 Nxe4
16.Bxe4 f5 17.Bc2 f4 18.Bf2 Bf5 19.Bb3 Kh8 20.Rae1 Bf6 21.Ne5 g5 22.Qd1 Qc7
23.Nc4 Bg6 24.Nd6 Ne3 25.Bxe3 fxe3 26.Rxe3 Qg7 27.Kh1 Bxd4 28.Ref3 Rxf3 29.Rxf3 Bf6
30.Qf1 Be7 31.Qe1 Bf6 32.Qf2 Bd4 33.Qd2 Bxc5 34.Nf7+ Bxf7 35.Rxf7 Rf8 36.Rxf8+ Bxf8
37.Qd8 Qe7 38.Qd4+ Bg7 39.Qxa7 Qe1+ 40.Qg1 Qxg1+ 41.Kxg1  1/2-1/2

[Event "7th Mikhail Tal Memorial"]
[Site "Moscow RUS"]
[Date "2012.06.12"]
[Round "4"]
[White "McShane,L"]
[Black "Nakamura,Hi"]
[Result "1/2-1/2"]
[WhiteElo "2706"]
[BlackElo "2775"]

1.e4 c5 2.Nf3 e6 3.d4 cxd4 4.Nxd4 Nf6 5.Nc3 d6 6.Be2 a6 7.f4 Qc7 8.O-O Be7
9.Kh1 O-O 10.a4 Nc6 11.Be3 Bd7 12.Nb3 Na5 13.e5 Ne8 14.Nxa5 Qxa5 15.Ne4 Qc7
16.a5 Bc6 17.Bb6 Qb8 18.Qd4 d5 19.Nc5 Qc8 20.Bf3 g6 21.c4 Ng7 22.cxd5 exd5
23.Rac1 Bd8 24.Rfd1 Ne6 25.Qd2 Bxb6 26.axb6 Qd8 27.Bxd5 Nxc5 28.Rxc5 Qxb6
29.b4 Rad8 30.Qe1 Bxd5 31.Rcxd5 Rxd5 32.Rxd5 Rc8 33.h3 Qe6 34.Rd4 h5 35.Kh2 Qf5
36.Qh4 Kg7 37.Rd6 Rc4 38.Qf6+ Qxf6 39.exf6+ Kh6 40.Rb6 Rxf4 41.Rxb7 Rxf6
42.b5 axb5 43.Rxb5 Rf4 44.Kg3 g5 45.Rb6+ Kg7 46.Kh2 Ra4 47.Kg1 Ra3 48.Kf2 f6
49.Rb7+ Kg6 50.Rb5 Ra2+ 51.Kf1 Rd2 52.Ra5 h4 53.Rb5 f5 54.Rb6+ Kf7 55.Ra6 Rd4
56.Kf2 Re4 57.Rb6 Re6 58.Rb5 Kf6 59.Ra5 Rd6 60.Ra2 Ke5 61.Re2+ Kf4 62.Ra2 Rd4
63.Rb2 Rd3 64.Ra2 g4 65.Ra4+ Kg5 66.hxg4 fxg4 67.Ra5+ Kf4 68.Ra4+ Kf5 69.Ra5+ Ke4
70.Ra4+ Rd4 71.Rxd4+ Kxd4 72.Ke2 Ke4 73.Ke1 Kd3 74.Kf1 Kd2 75.Kf2 g3+ 76.Kg1 Ke1
77.Kh1 h3 78.Kg1 h2+ 79.Kh1 Kf2  1/2-1/2

[Event "7th Mikhail Tal Memorial"]
[Site "Moscow RUS"]
[Date "2012.06.13"]
[Round "5"]
[White "Nakamura,Hi"]
[Black "Kramnik,V"]
[Result "1/2-1/2"]
[WhiteElo "2775"]
[BlackElo "2801"]

1.c4 c5 2.Nf3 Nc6 3.d4 cxd4 4.Nxd4 Nf6 5.Nc3 e6 6.Ndb5 d5 7.Bf4 e5 8.cxd5 exf4
9.dxc6 bxc6 10.Qxd8+ Kxd8 11.Rd1+ Bd7 12.Nd6 Kc7 13.Nxf7 Rg8 14.Ne5 Rb8 15.Nxd7 Nxd7
16.g3 Rxb2 17.Bh3 Nf6 18.O-O Bb4 19.Rc1 Rd8 20.Bg2 Rdd2 21.gxf4 Rbc2 22.Ne4 Rxe2
23.Nxf6 gxf6 24.Rxc2 Rxc2 25.Be4 Rxa2 26.Rc1 c5 27.Bxh7 Rd2 28.h4 a5 29.h5 Rd8
30.Kg2 a4 31.h6 Rh8 32.Bc2 Rxh6 33.Bxa4 Rh8 34.Bb3 Rd8 35.Rd1 Bd2 36.Ba2 Bxf4
37.Rxd8 Kxd8 38.Kf3 Be5 39.Ke4 Kd7 40.f4 Bxf4  1/2-1/2

[Event "7th Mikhail Tal Memorial"]
[Site "Moscow RUS"]
[Date "2012.06.14"]
[Round "6"]
[White "Morozevich,A"]
[Black "Nakamura,Hi"]
[Result "0-1"]
[WhiteElo "2769"]
[BlackElo "2775"]

1.d4 d5 2.c4 dxc4 3.e4 Nf6 4.e5 Nd5 5.Bxc4 Nb6 6.Bd3 Nc6 7.Ne2 Bg4 8.f3 Be6
9.Nbc3 Qd7 10.Ne4 Bd5 11.Nc5 Qc8 12.a3 e6 13.Qc2 Bxc5 14.dxc5 Nd7 15.f4 Bxg2
16.Rg1 Bf3 17.Be3 g6 18.O-O-O Ne7 19.Be4 Bxe4 20.Qxe4 b6 21.Nc3 O-O 22.c6 Nb8
23.f5 Nxf5 24.Bg5 Qe8 25.Qf4 f6 26.Bxf6 Qxc6 27.Kb1 Nd7 28.Ne4 Nc5 29.Nxc5 bxc5
30.h4 Rf7 31.h5 Rd7 32.hxg6 h6 33.Rxd7 Qxd7 34.Qf3 Rb8 35.Rd1 Qe8 36.Rd2 c4
37.Ka2 a5 38.Qd1 c3 39.bxc3 Ne3 40.Qe2 Nd5 41.Qd3 a4 42.Rb2 Rxb2+ 43.Kxb2 Qb8+
44.Kc1 Qb3 45.Qa6 Qxc3+ 46.Kd1 Ne3+ 47.Ke2 Qc4+  0-1

[Event "7th Mikhail Tal Memorial"]
[Site "Moscow RUS"]
[Date "2012.06.16"]
[Round "7"]
[White "Nakamura,Hi"]
[Black "Carlsen,M"]
[Result "1/2-1/2"]
[WhiteElo "2775"]
[BlackElo "2835"]

1.d4 Nf6 2.c4 e6 3.Nf3 d5 4.g3 Bb4+ 5.Bd2 Be7 6.Bg2 O-O 7.Qc2 c6 8.O-O b6
9.Bf4 Bb7 10.Rd1 Nbd7 11.Nc3 dxc4 12.Nd2 Nd5 13.Nxc4 Nxf4 14.gxf4 Qc7 15.e3 Rad8
16.Rd2 Nf6 17.Rad1 c5 18.d5 exd5 19.Nxd5 Nxd5 20.Bxd5 g6 21.Ne5 Bxd5 22.Rxd5 Rxd5
23.Rxd5 Rd8 24.Qc4 Rxd5 25.Qxd5 Bf6 26.Nd7 Kg7 27.b3 Bc3 28.a4 Qd8 29.Qd6 Bf6
30.Kf1 Qe7 31.Qd5 Bc3 32.Ke2 Qh4 33.Kd3 Ba1 34.Ne5 Bxe5 35.Qxe5+ Kh6 36.Qc7 Qxf2
37.Qxf7 Qf1+ 38.Ke4 Qb1+ 39.Kf3 Qh1+ 40.Kg3 Qg1+ 41.Kf3 Qh1+ 42.Kg3 Qg1+
43.Kf3 Qh1+  1/2-1/2

[Event "7th Mikhail Tal Memorial"]
[Site "Moscow RUS"]
[Date "2012.06.17"]
[Round "8"]
[White "Grischuk,A"]
[Black "Nakamura,Hi"]
[Result "1-0"]
[WhiteElo "2761"]
[BlackElo "2775"]

1.e4 c5 2.Nf3 d6 3.d4 cxd4 4.Nxd4 Nf6 5.Nc3 g6 6.Be3 Bg7 7.f3 Nc6 8.Qd2 O-O
9.g4 Nxd4 10.Bxd4 Be6 11.Nd5 Bxd5 12.exd5 Rc8 13.h4 Qc7 14.Rh2 e5 15.dxe6 fxe6
16.O-O-O e5 17.Be3 Qf7 18.Kb1 d5 19.h5 e4 20.hxg6 hxg6 21.Be2 Qe6 22.Bd4 Rc7
23.Rdh1 Rff7 24.a3 b6 25.fxe4 Qxe4 26.g5 Nh5 27.Bxg7 Kxg7 28.Bxh5 gxh5 29.Rxh5 Qc4
30.Qd1 Qe4 31.g6 Rfe7 32.R5h4 Qe5 33.Rh7+ Kg8 34.R7h5 Qe4 35.Qd2  1-0

[Event "7th Mikhail Tal Memorial"]
[Site "Moscow RUS"]
[Date "2012.06.18"]
[Round "9"]
[White "Nakamura,Hi"]
[Black "Radjabov,T"]
[Result "1/2-1/2"]
[WhiteElo "2775"]
[BlackElo "2784"]

1.e4 c5 2.Nf3 Nc6 3.Bb5 e6 4.b3 Nge7 5.O-O a6 6.Bxc6 Nxc6 7.Bb2 b6 8.Qe2 Bb7
9.Rd1 Qc7 10.c3 Ne5 11.Nxe5 Qxe5 12.d3 d5 13.Nd2 Bd6 14.g3 Be7 15.d4 cxd4
16.cxd4 Qc7 17.Rac1 Qd7 18.e5 O-O 19.Nb1 b5 20.Nc3 Bc6 21.Qg4 f5 22.exf6 Rxf6
23.Ne2 Bd6 24.Rc2 b4 25.Nc1 Bb5 26.Nd3 Bxd3 27.Rxd3 Rc8 28.Rdd2 Rff8 29.Qe2 Rxc2
30.Rxc2 Rc8 31.Bc1 Rxc2 32.Qxc2 Qe8 33.f4 g6 34.Be3 Kf7 35.Kg2 Qd7 36.Bf2 Be7
37.Be3 Bd6 38.Bf2 Be7 39.Be3  1/2-1/2

[Event "Biel Exhibition Blitz"]
[Site "Biel SUI"]
[Date "2012.07.22"]
[Round "1.1"]
[White "Harikrishna,P"]
[Black "Nakamura,Hi"]
[Result "1/2-1/2"]
[WhiteElo "2684"]
[BlackElo "2778"]

1.Nf3 f5 2.g3 Nf6 3.Bg2 g6 4.O-O d6 5.d4 Bg7 6.c3 O-O 7.Qb3+ e6 8.Ng5 d5
9.Bf4 Nh5 10.Nh3 Nxf4 11.Nxf4 c6 12.Nd2 Qe7 13.c4 Nd7 14.Nf3 dxc4 15.Qxc4 Re8
16.Rfe1 Nf6 17.e3 Bd7 18.Rac1 Rad8 19.Ne5 Bc8 20.b4 a6 21.a4 Nd7 22.Nxd7 Bxd7
23.Nd3 Kh8 24.Nc5 Bc8 25.b5 axb5 26.axb5 cxb5 27.Qxb5 e5 28.dxe5 Qxe5 29.Bxb7 Be6
30.Bc6 Rf8 31.Nxe6 Qxe6 32.Red1 Qe5 33.Qxe5 Bxe5 34.h4 Bb2 35.Rb1 Rxd1+ 36.Rxd1 Rc8
37.Bf3 Rc1 38.Kg2 Rxd1 39.Bxd1 Kg7 40.g4 fxg4 41.Bxg4 h6 42.f4 g5 43.hxg5 hxg5  1/2-1/2

[Event "Biel Exhibition Blitz"]
[Site "Biel SUI"]
[Date "2012.07.22"]
[Round "1.2"]
[White "Nakamura,Hi"]
[Black "Harikrishna,P"]
[Result "1-0"]
[WhiteElo "2778"]
[BlackElo "2684"]

1.e4 d6 2.d4 Nf6 3.Nc3 g6 4.f4 Bg7 5.Nf3 c5 6.Bb5+ Bd7 7.e5 Ng4 8.e6 fxe6
9.Ng5 Bxb5 10.Nxe6 Bxd4 11.Nxb5 Qa5+ 12.Qd2 Bf2+ 13.Kd1 Ne3+ 14.Ke2 Qxb5+
15.Kxf2 Ng4+ 16.Kg3 Qd7 17.Re1 Nc6 18.b3 Nh6 19.Bb2 Nf5+ 20.Kf2 Ncd4 21.g4 Nh6
22.Bxd4 cxd4 23.h3 Rc8 24.Rac1 Qc6 25.Qxd4 Qb6 26.Qxb6 axb6 27.c4 Kd7 28.Re2 b5
29.c5 b6 30.b4 bxc5 31.bxc5 Nf7 32.Rb1 dxc5 33.Rxb5 Nd6 34.Rxc5 Ra8 35.Rc7+ Ke8
36.Nd4 Nc8 37.Nc6 Rf8  1-0

[Event "Biel Exhibition Blitz"]
[Site "Biel SUI"]
[Date "2012.07.22"]
[Round "2.2"]
[White "Morozevich,A"]
[Black "Nakamura,Hi"]
[Result "0-1"]
[WhiteElo "2770"]
[BlackElo "2778"]

1.d4 d5 2.Bg5 f6 3.Bf4 c5 4.c3 Nc6 5.Nf3 Qb6 6.Bc1 Bg4 7.dxc5 Qxc5 8.b4 Qd6
9.b5 Nd8 10.h3 Bxf3 11.exf3 e5 12.Bd3 Qd7 13.O-O Rc8 14.Qc2 g6 15.Rd1 Bd6
16.Nd2 Ne7 17.f4 Ne6 18.fxe5 fxe5 19.c4 O-O 20.Nb3 Nf4 21.Bf1 b6 22.a4 Kg7
23.Bb2 Rf5 24.Rd2 Rg5 25.Kh1 Qb7 26.Re1 Kf8 27.Qd1 Nxh3 28.cxd5 Nf4 29.g3 Nh5
30.Bg2 Rc4 31.Rc2 Qc7 32.Ree2 Nf6 33.Kg1 Rxc2 34.Rxc2 Qd7 35.Rc6 Ne8 36.Nd2 e4
37.Nxe4 Rxd5 38.Qf3+ Rf5 39.Qc3 Be5 40.Qc2 Nxc6 41.bxc6 Qe7 42.Bc1 Kg7 43.Be3 h5
44.Bh3 Rf8 45.Bd7 Nc7 46.Qd2 Rh8 47.Bg5 Qf7 48.Qe3 Nd5 49.Qe1 h4 50.g4 h3
51.Ng3 h2+ 52.Kg2 Bxg3  0-1

[Event "Biel Exhibition Blitz"]
[Site "Biel SUI"]
[Date "2012.07.22"]
[Round "2.1"]
[White "Nakamura,Hi"]
[Black "Morozevich,A"]
[Result "1-0"]
[WhiteElo "2778"]
[BlackElo "2770"]

1.c4 e6 2.Nf3 d5 3.d4 a6 4.e3 Nf6 5.cxd5 exd5 6.Bd3 Bd6 7.O-O O-O 8.h3 Re8
9.Nc3 b6 10.b3 Bb7 11.Bb2 Nbd7 12.Rc1 Qe7 13.Qe2 Ne4 14.Nd2 f5 15.Nf3 Rf8
16.Rfe1 Rf6 17.Qf1 Rh6 18.Ne2 g5 19.Bxe4 fxe4 20.Ne5 Nxe5 21.dxe5 Bxe5 22.Bxe5 Qxe5
23.b4 Rf8 24.Ng3 Rhf6 25.Rc2 c5 26.bxc5 bxc5 27.Rb1 Qc7 28.Qc1 c4 29.Qb2 Bc8
30.Qd4 Rd6 31.Qe5 h6 32.Rd1 Rfd8 33.Rcd2 Rc6 34.Qc3 Rcd6 35.Qe5 Rc6 36.Qc3 Rcd6
37.Rb1 Qg7 38.Rd4 Rf8 39.Qd2 Rdf6 40.Nh5 Qf7 41.Nxf6+ Qxf6 42.Rxd5 c3 43.Qc2 Be6
44.Rc5 g4 45.hxg4 Bxg4 46.Rb7 Bf3 47.Rcc7 Bh5 48.Rxc3 Bg6 49.Rc6 Qg5 50.Qc4+ Bf7
51.Rxf7 Rxf7 52.Rc7 Qh5 53.Qxf7+ Qxf7 54.Rxf7 Kxf7 55.f4 h5 56.Kh2 Kf6 57.Kh3 Kf5
58.Kh4 Kg6 59.g4 hxg4 60.Kxg4 Kf6 61.f5  1-0

[Event "Biel Exhibition Blitz"]
[Site "Biel SUI"]
[Date "2012.07.22"]
[Round "3.1"]
[White "Bacrot,E"]
[Black "Nakamura,Hi"]
[Result "1/2-1/2"]
[WhiteElo "2713"]
[BlackElo "2778"]

1.c4 e6 2.Nf3 b6 3.Nc3 Bb7 4.e4 Bb4 5.Bd3 Ne7 6.O-O Ng6 7.Bc2 O-O 8.d4 Bxc3
9.bxc3 d6 10.Ng5 h6 11.Nh3 Nc6 12.f4 f5 13.d5 Nce7 14.dxe6 fxe4 15.Qg4 Rf5
16.Nf2 d5 17.cxd5 Bxd5 18.Nxe4 Bxe6 19.Ng3 Qf8 20.Nxf5 Bxf5 21.Bxf5 Qxf5
22.Qxf5 Nxf5 23.g4 Nd6 24.f5 Ne5 25.h3 Nec4 26.f6 g5 27.h4 Kf7 28.hxg5 hxg5
29.a4 Rh8 30.Ra2 Rh4 31.Bxg5 Rxg4+ 32.Rg2 Rxg2+ 33.Kxg2 Ne4 34.Bh6 c5 35.Rf3 a6
36.Kh3 b5 37.axb5 axb5 38.Kg4 Ne5+ 39.Kf5 Nxf3 40.Kxe4 b4 41.Kxf3 bxc3 42.Bg5 c2  1/2-1/2

[Event "Biel Exhibition Blitz"]
[Site "Biel SUI"]
[Date "2012.07.22"]
[Round "3.2"]
[White "Nakamura,Hi"]
[Black "Bacrot,E"]
[Result "1-0"]
[WhiteElo "2778"]
[BlackElo "2713"]

1.c4 e5 2.Nc3 Nf6 3.g3 c6 4.Nf3 e4 5.Nd4 d5 6.cxd5 Qb6 7.Nb3 a5 8.d3 a4 9.Nd2 exd3
10.Bg2 Bb4 11.O-O O-O 12.Nc4 Qd8 13.dxc6 dxe2 14.Qxe2 Nxc6 15.Rd1 Qe7 16.Qxe7 Bxe7
17.Nb6 Ra6 18.Nxc8 Rxc8 19.a3 Kf8 20.Be3 Rb8 21.Bf1 Raa8 22.Bb5 Na5 23.Bxa4 Nc4
24.Bc1 Rc8 25.Bb3 Nxa3 26.Bd2 Rd8 27.bxa3  1-0

[Event "45th Biel GM"]
[Site "Biel SUI"]
[Date "2012.07.23"]
[Round "1"]
[White "Carlsen,M"]
[Black "Nakamura,Hi"]
[Result "1/2-1/2"]
[WhiteElo "2837"]
[BlackElo "2778"]

1.e4 c5 2.Nf3 d6 3.d4 cxd4 4.Qxd4 a6 5.c4 Nc6 6.Qd1 Bg4 7.Be2 Nf6 8.Nc3 Bxf3
9.Bxf3 g6 10.O-O Bg7 11.Be3 O-O 12.Rc1 Nd7 13.Be2 Nc5 14.f3 Rc8 15.Kh1 e5
16.Nd5 Ne6 17.Qd2 Ncd4 18.Bd3 Nc7 19.Bg5 f6 20.Be3 Nxd5 21.cxd5 Qb6 22.Rc3 Rc5
23.Bxd4 exd4 24.Rcc1 Rxc1 25.Rxc1 Rf7 26.Rc8+ Rf8 27.Rc4 Rf7 28.Qc1 Bf8 29.g3 Be7
30.Kg2 Bd8 31.Rc8 Kg7 32.Qd2 Bc7 33.h4 Rf8 34.Rxf8 Kxf8 35.h5 Kg7 36.h6+ Kf7
37.f4 Bd8 38.Qf2 Qc5 39.Qe2 Qc1  1/2-1/2

[Event "45th Biel GM"]
[Site "Biel SUI"]
[Date "2012.07.24"]
[Round "2"]
[White "Nakamura,Hi"]
[Black "Giri,A"]
[Result "1/2-1/2"]
[WhiteElo "2778"]
[BlackElo "2696"]

1.Nf3 d5 2.d4 Nf6 3.c4 e6 4.g3 Bb4+ 5.Bd2 Bxd2+ 6.Nbxd2 O-O 7.Bg2 b6 8.O-O Bb7
9.cxd5 Bxd5 10.Re1 Nbd7 11.e4 Bb7 12.e5 Nd5 13.Ne4 h6 14.Rc1 Qe7 15.a3 a5
16.Nfd2 Rad8 17.Nc4 Nb8 18.Ne3 Nxe3 19.fxe3 c5 20.Qg4 Bxe4 21.Bxe4 Rc8 22.Rcd1 Nd7
23.Bb1 b5 24.Qe4 f5 25.Qb7 Rb8 26.Qa7 Ra8 27.Qb7 Rab8 28.Qa7 Ra8 29.Qc7 c4
30.Rf1 Rfc8 31.Qd6 Qxd6 32.exd6 Nf6 33.g4 g6 34.gxf5 exf5 35.e4 Nxe4 36.Bxe4 fxe4
37.Rf6 Kg7 38.Re6 Rf8 39.Rxe4 Rad8 40.Re7+ Rf7 41.Rf1  1/2-1/2

[Event "45th Biel GM"]
[Site "Biel SUI"]
[Date "2012.07.27"]
[Round "5"]
[White "Nakamura,Hi"]
[Black "Bacrot,E"]
[Result "1-0"]
[WhiteElo "2778"]
[BlackElo "2713"]

1.d4 Nf6 2.c4 g6 3.Nc3 Bg7 4.e4 d6 5.Nf3 O-O 6.Be2 e5 7.d5 a5 8.Bg5 h6 9.Bh4 Na6
10.Nd2 Qe8 11.O-O h5 12.a3 Bd7 13.b3 Nh7 14.f3 f5 15.Rb1 g5 16.Bf2 f4 17.b4 axb4
18.axb4 Qg6 19.c5 g4 20.c6 bxc6 21.dxc6 Be6 22.b5 Nb8 23.Nd5 Bxd5 24.exd5 g3
25.Be1 Ng5 26.Rb4 h4 27.Ne4 h3 28.hxg3 fxg3 29.Qd2 Rf4 30.Nxg5 Qxg5 31.gxh3 Qf5
32.Bxg3 Qxh3 33.Bxf4 exf4 34.Qxf4  1-0

[Event "45th Biel GM"]
[Site "Biel SUI"]
[Date "2012.07.28"]
[Round "6"]
[White "Nakamura,Hi"]
[Black "Carlsen,M"]
[Result "1/2-1/2"]
[WhiteElo "2778"]
[BlackElo "2837"]

1.d4 Nf6 2.c4 g6 3.Nc3 d5 4.Nf3 Bg7 5.Bg5 Ne4 6.Bf4 Nxc3 7.bxc3 c6 8.e3 O-O
9.cxd5 cxd5 10.c4 Nc6 11.c5 Bg4 12.Be2 Bxf3 13.Bxf3 e5 14.dxe5 Bxe5 15.Bxe5 Nxe5
16.O-O Nxf3+ 17.Qxf3 Rc8 18.Rac1 Qd7 19.Rfd1 Rfd8 20.Qe2 Rc6 21.Qb2 Rdc8
22.Qa3 b6 23.cxb6 Rxc1 24.Rxc1 Rxc1+ 25.Qxc1 axb6 26.Qb2 Qc6 27.h3 h5 28.a4 Qxa4
29.Qxb6 Qa1+ 30.Kh2 Qe5+ 31.Kg1 Qa1+ 32.Kh2 Qe5+ 33.Kg1  1/2-1/2

[Event "45th Biel GM"]
[Site "Biel SUI"]
[Date "2012.07.30"]
[Round "7"]
[White "Giri,A"]
[Black "Nakamura,Hi"]
[Result "1/2-1/2"]
[WhiteElo "2696"]
[BlackElo "2778"]

1.d4 d5 2.Nf3 Nf6 3.c4 c6 4.e3 e6 5.Bd3 Nbd7 6.O-O Bd6 7.Nc3 dxc4 8.Bxc4 b5
9.Bd3 O-O 10.Qc2 Bb7 11.a3 a5 12.e4 e5 13.dxe5 Nxe5 14.Nxe5 Bxe5 15.h3 Re8
16.Be3 Bd4 17.Rfe1 b4 18.Bxd4 Qxd4 19.axb4 axb4 20.Rxa8 Bxa8 21.Na4 Re5 22.Rc1 Bb7
23.Qc4 Qxc4 24.Rxc4 Ba6 25.Rc5 Rxc5 26.Nxc5 Bxd3 27.Nxd3 Nxe4 28.Nxb4 c5
29.Nc2 Kf8 30.Kf1 Nd2+  1/2-1/2

[Event "45th Biel GM"]
[Site "Biel SUI"]
[Date "2012.07.31"]
[Round "8"]
[White "Nakamura,Hi"]
[Black "Wang Hao"]
[Result "0-1"]
[WhiteElo "2778"]
[BlackElo "2739"]

1.c4 e5 2.Nc3 Nf6 3.g3 c6 4.Nf3 e4 5.Nd4 Qb6 6.Nb3 a5 7.d3 a4 8.Be3 Qd8 9.Nd2 exd3
10.Nxa4 d5 11.Bb6 Qe7 12.Bc5 Qc7 13.Bxf8 Kxf8 14.Qb3 Nbd7 15.cxd5 Qa5 16.dxc6 bxc6
17.Nc3 Nc5 18.Qc4 Nd5 19.Nxd5 cxd5 20.Qf4 Ne6 21.Qd6+ Kg8 22.e3 Ba6 23.Bg2 Rd8
24.Qe5 h5 25.h4 Rh6 26.a3 Qb6 27.b4 d4 28.e4 Nc7 29.O-O Re8 30.Qg5 Nb5 31.Nb3 Nc3
32.Nd2 Qd6 33.Nf3 Nxe4 34.Rfe1 Rhe6 35.Qxh5 d2 36.Red1 Be2 37.Qa5 Bxd1 38.Rxd1 Nxg3
39.Rxd2 Re1+ 40.Nxe1 Rxe1+ 41.Bf1  0-1

[Event "40th Olympiad Open"]
[Site "Istanbul TUR"]
[Date "2012.08.29"]
[Round "2.2"]
[White "Nakamura,Hi"]
[Black "Malisauskas,V"]
[Result "1-0"]
[WhiteElo "2778"]
[BlackElo "2451"]

1.e4 c5 2.Nf3 d6 3.d4 cxd4 4.Nxd4 Nf6 5.Nc3 a6 6.f3 e5 7.Nb3 Be6 8.Be3 Be7
9.Qd2 O-O 10.O-O-O a5 11.Bb5 Na6 12.Kb1 Nc7 13.Bb6 Nd7 14.Bxc7 Qxc7 15.a4 Nb6
16.g4 Rfd8 17.Qe2 d5 18.exd5 Nxd5 19.Nxd5 Bxd5 20.Nd2 Rac8 21.Ne4 Be6 22.Rxd8+ Rxd8
23.h4 Qb6 24.c3 Bd7 25.Bxd7 Rxd7 26.Kc2 Qc6 27.b3 h6 28.h5 Qe6 29.Nd2 Bg5
30.Nc4 f5 31.gxf5 Qxf5+ 32.Qe4 Qf7 33.Kb2 Rd5 34.Rh2 Bf4 35.Rg2 b5 36.Nxa5 bxa4
37.Qxa4 Qxh5 38.Nc4 Kh7 39.Qc6 Qf7 40.Nd6 Qe6 41.Qb7 Bg5 42.Ne4 Be7 43.c4 Rd7
44.Qb5 Qh3 45.Rf2 Bh4 46.Rc2 Rd3 47.Nf2 Bxf2 48.Rxf2 Qh4 49.Qb6 Qf4 50.Rg2 g5
51.Qb7+ Kg6 52.Qc6+ Kg7 53.Qb7+ Kg6 54.Qb6+ Kg7 55.Re2 Rxf3 56.Qc7+ Kg6 57.Qc6+ Kh5
58.c5 Qd4+ 59.Ka2 Rf2 60.Rxf2 Qxf2+ 61.Ka3 g4 62.Qe8+ Kh4 63.Qe7+ Kh3 64.c6 Qb6
65.Qd7 Qb5 66.Qd6 Qa6+ 67.Kb2 h5 68.Qd5 Qb6 69.Qd3+ g3 70.Qf5+ Kh4 71.Qe4+ Kh3
72.b4 g2 73.Qf3+ Kh2 74.Qxh5+ Kg1 75.Qd1+ Kf2 76.Qc2+ Kf1 77.Qc4+ Ke1 78.c7 g1=Q
79.Qc3+ Kd1 80.Qc1+ Ke2 81.Qc4+ Kf3 82.c8=Q Qgd4+ 83.Qc3+ Qxc3+ 84.Qxc3+ Kf4
85.Qd2+ Kf3 86.Qd3+ Kf4 87.Qf1+ Kg3 88.Qd3+ Kf4 89.Qd2+ Kf3 90.Qd5+ e4 91.b5 Kf4
92.Kc1 e3 93.Kd1 Qa5 94.Ke2 Qc3 95.Qf7+ Ke4 96.Qe6+ Kf4 97.Qd6+ Qe5 98.Qb4+ Kf5
99.b6 Qh2+ 100.Kxe3 Qg1+ 101.Kd3 Qf1+ 102.Kd4 Qg1+ 103.Kc4 Ke6 104.b7 Qf1+
105.Kc5 Qf8+ 106.Kb5 Qf1+ 107.Qc4+  1-0

[Event "40th Olympiad Open"]
[Site "Istanbul TUR"]
[Date "2012.08.30"]
[Round "3.2"]
[White "Iturrizaga,E"]
[Black "Nakamura,Hi"]
[Result "1/2-1/2"]
[WhiteElo "2627"]
[BlackElo "2778"]

1.d4 f5 2.Nc3 Nf6 3.Bg5 d5 4.Bxf6 exf6 5.e3 Be6 6.Bd3 Nc6 7.Nge2 Qd7 8.a3 g5
9.f4 Bd6 10.Qd2 h6 11.O-O g4 12.Rfc1 a6 13.Nd1 Ne7 14.b3 Kf7 15.c4 c6 16.c5 Bc7
17.b4 h5 18.Ndc3 h4 19.a4 h3 20.g3 Rhb8 21.Rab1 Qe8 22.Kf2 Bd7 23.Rc2 Nc8
24.a5 Ne7 25.Na4 Rd8 26.Nb6 Rab8 27.Nc3 Be6 28.Rcc1 Nc8 29.Re1 Ne7 30.Qc2  1/2-1/2

[Event "40th Olympiad Open"]
[Site "Istanbul TUR"]
[Date "2012.08.31"]
[Round "4.1"]
[White "Nakamura,Hi"]
[Black "Sasikiran,K"]
[Result "1-0"]
[WhiteElo "2778"]
[BlackElo "2707"]

1.e4 e5 2.Nf3 Nc6 3.d4 exd4 4.Nxd4 Nf6 5.Nxc6 bxc6 6.e5 Qe7 7.Qe2 Nd5 8.c4 Nb6
9.Nc3 Bb7 10.Bf4 O-O-O 11.O-O-O g5 12.Bg3 h5 13.h4 g4 14.Kb1 Bg7 15.Qe3 Rde8
16.Re1 c5 17.a4 d6 18.a5 Nd7 19.Nb5 Nxe5 20.Qb3 Ba8 21.f4 gxf3 22.gxf3 Qf6
23.Nxa7+ Kd8 24.Bxe5 Rxe5 25.Qb8+ Kd7 26.Bh3+ Re6 27.Qb5+ Ke7 28.Bxe6 fxe6
29.Rhg1 Rd8 30.Nc6+ Bxc6 31.Rxg7+ Qxg7 32.Qxc6 Qd4 33.a6 Qd3+ 34.Ka1 Qd2
35.Qe4 Kd7 36.a7 Ra8 37.Kb1 Rxa7 38.Qxe6+ Kc6 39.Qe8+  1-0

[Event "40th Olympiad Open"]
[Site "Istanbul TUR"]
[Date "2012.09.01"]
[Round "5.05"]
[White "Nakamura,Hi"]
[Black "Laznicka,V"]
[Result "1/2-1/2"]
[WhiteElo "2778"]
[BlackElo "2683"]

1.e4 c6 2.d4 d5 3.e5 Bf5 4.Nf3 e6 5.Be2 c5 6.Be3 cxd4 7.Nxd4 Ne7 8.Nd2 Nbc6
9.N2f3 Bg4 10.O-O Bxf3 11.Nxf3 Qc7 12.c4 dxc4 13.Bxc4 Nf5 14.Bf4 Be7 15.Rc1 O-O
16.Qe2 Rfd8 17.Bd3 Nfd4 18.Nxd4 Rxd4 19.Be3 Rd7 20.f4 Rad8 21.Be4 Qa5 22.Bxc6 bxc6
23.b3 Qb5 24.Qc4 Qa5 25.Qe2 Qb5 26.Qc4 Qa5 27.Qe2 Qb5 28.Qc4 Qa5 29.Qe2 Qb5
30.Qc4  1/2-1/2